The Second world war (Record no. 6317)

MARC details
000 -LEADER
fixed length control field 00448cam a2200193ua 4500
001 - CONTROL NUMBER
control field 7196
005 - DATE AND TIME OF LATEST TRANSACTION
control field 20260515114152.0
008 - FIXED-LENGTH DATA ELEMENTS--GENERAL INFORMATION
fixed length control field 141203n xxk |||gr||||Z||||||eng
040 ## - CATALOGING SOURCE
Transcribing agency MAIN
041 ## - LANGUAGE CODE
Language code of text/sound track or separate title eng
082 ## - DEWEY DECIMAL CLASSIFICATION NUMBER
Classification number 940.53
100 ## - MAIN ENTRY--PERSONAL NAME
Personal name Churchill, W.S.,
Relator term Author.
245 ## - TITLE STATEMENT
Title The Second world war
Statement of responsibility, etc. By W.S. Churchill
250 ## - EDITION STATEMENT
Edition statement 1st.
260 ## - PUBLICATION, DISTRIBUTION, ETC.
Place of publication, distribution, etc. London:
Name of publisher, distributor, etc. Cassell,
Date of publication, distribution, etc. 1964.
300 ## - PHYSICAL DESCRIPTION
Extent 353p.
653 ## - INDEX TERM--UNCONTROLLED
Uncontrolled term Second world war
942 ## - ADDED ENTRY ELEMENTS (KOHA)
Koha item type Books
Holdings
Withdrawn status Lost status Damaged status Not for loan Home library Current library Shelving location Date acquired Total checkouts Full call number Barcode Date last seen Copy number Price effective from Koha item type
        Naharkatiya College Library Naharkatiya College Library General stacks 09/19/2020   940.53 | CHU 4146 09/19/2020 2 09/19/2020 Books
        Naharkatiya College Library Naharkatiya College Library General stacks 09/19/2020   940.53 | CHU 4147 09/19/2020 10 09/19/2020 Books
        Naharkatiya College Library Naharkatiya College Library General stacks 09/19/2020   940.53 | CHU 4148 09/19/2020 8 09/19/2020 Books
        Naharkatiya College Library Naharkatiya College Library General stacks 09/19/2020   940.53 | CHU 4149 09/19/2020 4 09/19/2020 Books
        Naharkatiya College Library Naharkatiya College Library General stacks 09/19/2020   940.53 | CHU 4150 09/19/2020 7 09/19/2020 Books
        Naharkatiya College Library Naharkatiya College Library General stacks 09/19/2020   940.53 | CHU 4163 09/19/2020 5 09/19/2020 Books
        Naharkatiya College Library Naharkatiya College Library General stacks 09/19/2020   940.53 | CHU 4164 09/19/2020 1 09/19/2020 Books
        Naharkatiya College Library Naharkatiya College Library General stacks 09/19/2020   940.53 | CHU 4165 09/19/2020 9 09/19/2020 Books
        Naharkatiya College Library Naharkatiya College Library General stacks 09/19/2020   940.53 | CHU 4166 09/19/2020 6 09/19/2020 Books
        Naharkatiya College Library Naharkatiya College Library General stacks 09/19/2020   940.53 | CHU 4168 09/19/2020 3 09/19/2020 Books